Normal view MARC view
  • TIWARI, ABHINAY. 2- JACOB, BLESSY 3- POTHEN, DR. BINCY. 4- TIWARI, DR. SHIVSHANKAR

Entry Personal Name

Number of records used in: 1

001 - CONTROL NUMBER

  • control field: 8776

003 - CONTROL NUMBER IDENTIFIER

  • control field: JRU

005 - DATE AND TIME OF LATEST TRANSACTION

  • control field: 20251124061205.0

008 - FIXED-LENGTH DATA ELEMENTS

  • fixed length control field: 251124|| aca||aabn | a|a d

040 ## - CATALOGING SOURCE

  • Original cataloging agency: JRU
  • Transcribing agency: JRU

100 ## - HEADING--PERSONAL NAME

  • Personal name: TIWARI, ABHINAY. 2- JACOB, BLESSY 3- POTHEN, DR. BINCY. 4- TIWARI, DR. SHIVSHANKAR

670 ## - SOURCE DATA FOUND

  • Source citation: Work cat.: (JRU)8951: TIWARI, ABHINAY. 2- JACOB, BLESSY 3- POTHEN, DR. BINCY. 4- TIWARI, DR. SHIVSHANKAR , HOSPITAK AND CLINICAL PHARMACY FOR DIPLOMA IN PHARMACY 2ND YEAR., 2025